Property Litigation Association autumn training day (Record no. 110549)

MARC details
000 -LEADER
fixed length control field 01630cad a22003495a 4500
001 - CONTROL NUMBER
control field E149590
008 - FIXED-LENGTH DATA ELEMENTS--GENERAL INFORMATION
fixed length control field 100323s2009 xxk f 100 0 eng d
035 ## - SYSTEM CONTROL NUMBER
System control number (Sirsi) u149590
041 0# - LANGUAGE CODE
Language code of text/sound track or separate title eng
050 04 - LIBRARY OF CONGRESS CALL NUMBER
Classification number 346.41043 $2 18
111 2# - MAIN ENTRY--MEETING NAME
Meeting name or jurisdiction name as entry element Property Litigation Association Autumn Training Day
Number [OBSOLETE] London
245 00 - TITLE STATEMENT
Title Property Litigation Association autumn training day
Remainder of title November 2009
Medium [electronic resource]
260 ## - PUBLICATION, DISTRIBUTION, ETC.
Place of publication, distribution, etc. [S.l.]
Name of publisher, distributor, etc. PLA
Date of publication, distribution, etc. 2009
505 2# - FORMATTED CONTENTS NOTE
Formatted contents note What's mine is yours: beneficial interests in domestic and commercial property -- How to interpret the contract to your clint's advantage after Charterbrook: the factual matrix reloaded -- Alienation and consent -- Company law for property litigators -- Exercising rights of entry: a quick fix or a recipe for litigation? -- Land Registry adjudication: a beginner's guide -- On the hook? Release of the surety -- Gimme a break: how to avoid the pitfalls associated with options to determine leases
520 ## - SUMMARY, ETC.
Summary, etc. Collection of conference papers from the Property Litigation Association's 2009 Autumn training day.
521 2# - TARGET AUDIENCE NOTE
Target audience note Advanced
590 ## - LOCAL NOTE (RLIN)
Local note KA
651 #4 - SUBJECT ADDED ENTRY--GEOGRAPHIC NAME
Geographic name United Kingdom
Chronological subdivision
690 ## - LOCAL SUBJECT ADDED ENTRY--TOPICAL TERM (OCLC, RLIN)
Topical term or geographic name as entry element PROPERTY
700 1# - ADDED ENTRY--PERSONAL NAME
Personal name Seitler, Jonathan
700 1# - ADDED ENTRY--PERSONAL NAME
Personal name Bignell, Janet
700 1# - ADDED ENTRY--PERSONAL NAME
Personal name Rodger, Martin
700 1# - ADDED ENTRY--PERSONAL NAME
Personal name Jefferies, Thomas
700 1# - ADDED ENTRY--PERSONAL NAME
Personal name Holland, David
700 1# - ADDED ENTRY--PERSONAL NAME
Personal name McGhee, John
700 1# - ADDED ENTRY--PERSONAL NAME
Personal name Tanney, Anthony
700 1# - ADDED ENTRY--PERSONAL NAME
Personal name Greenhill, Julian
700 1# - ADDED ENTRY--PERSONAL NAME
Personal name Fancourt, Timothy
700 1# - ADDED ENTRY--PERSONAL NAME
Personal name Wicks, Joanne
856 40 - ELECTRONIC LOCATION AND ACCESS
Uniform Resource Identifier <a href="https://www.pla.org.uk/library/conference_papers">https://www.pla.org.uk/library/conference_papers</a>
Public note View the conference papers free of charge at www.pla.org.uk...
942 ## - ADDED ENTRY ELEMENTS (KOHA)
Suppress in OPAC 0
Holdings
Withdrawn status Lost status Source of classification or shelving scheme Damaged status Not for loan Home library Current library Shelving location Date acquired Total Checkouts Full call number Barcode Date last seen Copy number Price effective from Koha item type
    Dewey Decimal Classification     Virtual Virtual Online 23/03/2010   ONLINE PUBLICATION 149590-2001 06/08/2019 1 06/08/2019 Book